000
00320nam a22001457a 4500
008
210226b ||||| |||| 00| 0 eng d
020
_a
0443081638
041
_a
eng
080
_a
617
082
_a
617
100
_a
6
101
_a
ANE
245
_a
Manual of Obstetric Anesthesia
_c
Ostheimer, G.W
942
_2
udc
_c
BK
999
_c
55253
_d
55253